[Event "Kochan Memorial op-A 20th"]
[Site "Koszalin"]
[Date "2009.08.14"]
[Round "9"]
[White "Jedruszek, Krzysztof"]
[Black "Szczepaniec, Stanislaw"]
[Result "0-1"]
[WhiteElo "2022"]
[BlackElo "2149"]
[PlyCount "68"]
[EventDate "2009.08.06"]
[EventType "swiss"]
[EventRounds "9"]
[EventCountry "POL"]
[SourceTitle "CBM 131 Extra"]
[Source "ChessBase"]
[SourceDate "2009.09.03"]
[SourceVersion "2"]
[SourceVersionDate "2009.09.16"]
[SourceQuality "1"]

1. d4 f5 2. c4 g6 3. Nc3 Bg7 4. h4 Nf6 5. h5 Nxh5 6. e4 e6 7. Rxh5 gxh5 8. Qxh5+ Kf8 9. Bh6 Qf6 10. Bxg7+ Kxg7 11. exf5 Qxf5 12. Qh4 Rf8 13. Nh3 Nc6 14. a3 d6 15. 0-0-0 Qf6 16. Qg3+ Qg6 17. Qe3 e5 18. dxe5 Bxh3 19. gxh3 Nxe5 20. Qd4 Qg5+ 21. Kb1 Qf4 22. Ne4 Kh6 23. Be2 Rae8 24. Qd5 Ng6 25. f3 b6 26. Rg1 Qe3 27. Qd1 Nf4 28. Qe1 Ng6 29. Qd1 Re5 30. Rg4 Rf4 31. Rg2 Rfxe4 32. Rxg6+ hxg6 33. fxe4 Qxe4+ 34. Bd3 Qe1 0-1

[Event "Poznan op-A 17th"]
[Site "Poznan"]
[Date "2008.07.25"]
[Round "7"]
[White "Jedruszek, Krzysztof"]
[Black "Zdanowicz, Piotr"]
[Result "0-1"]
[WhiteElo "2037"]
[BlackElo "2050"]
[PlyCount "108"]
[EventDate "2008.07.19"]
[EventType "swiss"]
[EventRounds "9"]
[EventCountry "POL"]
[SourceTitle "EXT 2009"]
[Source "ChessBase"]
[SourceDate "2008.11.26"]
[SourceVersion "1"]
[SourceVersionDate "2008.11.26"]
[SourceQuality "1"]

1. d4 Nf6 2. c4 e5 3. dxe5 Ng4 4. Bf4 g5 5. Bd2 Nxe5 6. Bc3 Bg7 7. e3 Qe7 8. Be2 0-0 9. Nd2 Nbc6 10. a3 d6 11. Qc2 f5 12. 0-0-0 Be6 13. Ngf3 f4 14. e4 g4 15. Ne1 a5 16. b3 a4 17. b4 Qf7 18. f3 Nxc4 19. Bxc4 Bxc4 20. Bxg7 Bb3 21. Nxb3 axb3 22. Qb2 Qxg7 23. Qxg7+ Kxg7 24. Kb2 gxf3 25. gxf3 Ne5 26. Kxb3 Kh6 27. Rc1 c6 28. Rd1 Rf6 29. Rg1 b5 30. Ra1 Rg6 31. Rf1 Kh5 32. Rf2 Rg1 33. Nc2 Rxa1 34. Nxa1 Rg8 35. Kc3 Kh4 36. Nc2 Kh3 37. Ne1 Rg1 38. Nd3 Nxd3 39. Kxd3 Ra1 40. Rc2 Rxa3+ 41. Ke2 Ra6 42. Kd3 h5 43. e5 dxe5 44. Ke4 Ra4 45. Kxe5 Rxb4 46. Rxc6 Kxh2 47. Rg6 h4 48. Kf5 h3 49. Kg4 Kg2 50. Ra6 Rb2 51. Kxf4 h2 52. Rg6+ Kf1 53. Rh6 Kg1 54. Rg6+ Rg2 0-1

[Event "Police Gniota Memorial 23rd"]
[Site "Police"]
[Date "2008.07.10"]
[Round "2"]
[White "Jedruszek, Krzysztof"]
[Black "Tazbir, Marcin"]
[Result "0-1"]
[WhiteElo "2037"]
[BlackElo "2444"]
[PlyCount "77"]
[EventDate "2008.07.09"]
[EventType "swiss"]
[EventRounds "9"]
[EventCountry "POL"]
[SourceTitle "CBM 125 Extra"]
[Source "ChessBase"]
[SourceDate "2008.09.01"]
[SourceVersion "1"]
[SourceVersionDate "2008.09.01"]
[SourceQuality "1"]

1. d4 g6 2. c4 Bg7 3. Nc3 Nf6 4. e4 0-0 5. Be2 c6 6. Be3 d5 7. e5 Ne8 8. cxd5 cxd5 9. Qb3 Nc7 10. Bf3 Nc6 11. Nge2 e6 12. Rc1 f6 13. exf6 Qxf6 14. 0-0 Ne8 15. Qa3 Qd8 16. Rfd1 Nd6 17. b4 Kh8 18. Ng3 Nc4 19. Qb3 Nxe3 20. fxe3 Qg5 21. Nce2 Bh6 22. Rc3 Bd7 23. a3 a5 24. e4 axb4 25. axb4 Ne7 26. Qb2 Bb5 27. Kh1 Bc4 28. Ra3 b5 29. Rda1 Rxa3 30. Rxa3 Qd2 31. Qxd2 Bxd2 32. Nc3 Rd8 33. Be2 Bxc3 34. Rxc3 Nc6 35. Bxc4 dxc4 36. d5 exd5 37. exd5 Rxd5 38. Kg1 Nxb4 39. Ra3 0-1

[Event "Szczecin-ch"]
[Site "Szczecin"]
[Date "2007.06.02"]
[Round "7.4"]
[White "Jacek, Krystian"]
[Black "Jedruszek, Krzysztof"]
[Result "1-0"]
[WhiteElo "1858"]
[BlackElo "2037"]
[PlyCount "115"]
[EventDate "2007.05.26"]
[EventType "swiss"]
[EventRounds "9"]
[EventCountry "POL"]
[SourceTitle "EXT 2023"]
[Source "ChessBase"]
[SourceDate "2022.10.05"]
[SourceVersion "1"]
[SourceVersionDate "2022.10.05"]
[SourceQuality "1"]

1. e4 e6 2. d4 d5 3. Nc3 Nf6 4. e5 Nfd7 5. f4 c5 6. Nf3 Nc6 7. Be3 a6 8. Be2 b5 9. a3 Qb6 10. dxc5 Bxc5 11. Bxc5 Qxc5 12. Qd2 Nb6 13. b4 Qe7 14. Nd4 Bb7 15. Qe3 Nc4 16. Bxc4 Nxd4 17. Bd3 Nc6 18. Ne2 0-0 19. 0-0 Qc7 20. Kh1 f6 21. Qh3 f5 22. Qe3 Rfd8 23. Nd4 Nxd4 24. Qxd4 Qc6 25. Rfb1 Rac8 26. h3 Kf7 27. Rb2 Qc3 28. Qxc3 Rxc3 29. a4 d4 30. axb5 axb5 31. Ra7 Rd7 32. Rba2 Rcc7 33. Kg1 Bd5 34. Rxc7 Rxc7 35. Ra5 Bc4 36. Kf2 Ke7 37. Ke2 Kd7 38. Kd2 Rb7 39. Ra6 Ke7 40. g3 h6 41. Rc6 Bd5 42. Rc5 g5 43. Rxb5 Kd7 44. Rxb7+ Bxb7 45. Bc4 Be4 46. Kc1 Bf3 47. Kb2 Be4 48. Kb3 Bg2 49. h4 gxf4 50. gxf4 Be4 51. b5 Bb7 52. Kb4 Be4 53. Kc5 Bxc2 54. Kxd4 Be4 55. Kc5 Bb7 56. Kb6 Bc8 57. Bxe6+ Kxe6 58. Kc7 1-0